<?xml version="1.0" encoding="UTF-8"?><?xml-stylesheet type="text/xsl" href="static/style.xsl"?><OAI-PMH xmlns="http://www.openarchives.org/OAI/2.0/" xmlns:xsi="http://www.w3.org/2001/XMLSchema-instance" xsi:schemaLocation="http://www.openarchives.org/OAI/2.0/ http://www.openarchives.org/OAI/2.0/OAI-PMH.xsd"><responseDate>2026-06-29T07:38:36Z</responseDate><request verb="GetRecord" identifier="oai:docta.ucm.es:20.500.14352/117001" metadataPrefix="marc">https://docta.ucm.es/rest/oai/request</request><GetRecord><record><header><identifier>oai:docta.ucm.es:20.500.14352/117001</identifier><datestamp>2025-03-18T15:15:03Z</datestamp><setSpec>com_20.500.14352_14</setSpec><setSpec>col_20.500.14352_15</setSpec></header><metadata><record xmlns="http://www.loc.gov/MARC21/slim" xmlns:dcterms="http://purl.org/dc/terms/" xmlns:xsi="http://www.w3.org/2001/XMLSchema-instance" xmlns:doc="http://www.lyncode.com/xoai" xsi:schemaLocation="http://www.loc.gov/MARC21/slim http://www.loc.gov/standards/marcxml/schema/MARC21slim.xsd">
   <leader>00925njm 22002777a 4500</leader>
   <datafield ind2=" " ind1=" " tag="042">
      <subfield code="a">dc</subfield>
   </datafield>
   <datafield ind2=" " ind1=" " tag="720">
      <subfield code="a">Muñoz Cabello, Patricia</subfield>
      <subfield code="e">author</subfield>
   </datafield>
   <datafield ind2=" " ind1=" " tag="720">
      <subfield code="a">García Miñaúr, Sixto</subfield>
      <subfield code="e">author</subfield>
   </datafield>
   <datafield ind2=" " ind1=" " tag="720">
      <subfield code="a">Espinel Vallejo, Manuel Eliecer</subfield>
      <subfield code="e">author</subfield>
   </datafield>
   <datafield ind2=" " ind1=" " tag="720">
      <subfield code="a">Fernández Franco, Lorenzo</subfield>
      <subfield code="e">author</subfield>
   </datafield>
   <datafield ind2=" " ind1=" " tag="720">
      <subfield code="a">Stephens, Alexandra</subfield>
      <subfield code="e">author</subfield>
   </datafield>
   <datafield ind2=" " ind1=" " tag="720">
      <subfield code="a">Santos Simarro, Fernando</subfield>
      <subfield code="e">author</subfield>
   </datafield>
   <datafield ind2=" " ind1=" " tag="720">
      <subfield code="a">Lapunzina Badía, Pablo</subfield>
      <subfield code="e">author</subfield>
   </datafield>
   <datafield ind2=" " ind1=" " tag="720">
      <subfield code="a">Santos Simarro, Fernando</subfield>
      <subfield code="e">author</subfield>
   </datafield>
   <datafield ind2=" " ind1=" " tag="260">
      <subfield code="c">2018</subfield>
   </datafield>
   <datafield ind2=" " ind1=" " tag="520">
      <subfield code="a">The aim in this study was to translate and crossculturally adapt the Genetic Counseling Outcome Scale (GCOS-24) for use in Spain and to carry out a preliminary psychometric validation in a sample of Spanish patients. With oversight by an expert panel, forward and backward translations were conducted to create the draft Spanish GCOS-24. Fourteen patients were recruited from a clinical genetics service in Madrid, Spain, to participate in cognitive interviews designed to explore readability and interpretability of the draft. Following qualitative analysis of interview transcripts, a final version of the Spanish GCOS-24 was agreed with the expert panel. No significant cross-cultural differences were identified. The Spanish GCOS-24 was then completed prior to and 2–4 weeks after genetic counseling by 59 patients attending the service, and data were analysed using analysis of variance. Preliminary psychometric validation of the Spanish GCOS-24 showed significantly higher GCOS-24 scores after genetic counseling (p &lt; 0.0001), with good internal consistency (α = 0.84) and sensitivity to change over time, with a medium-to-large size effect (Cohen’s d = 0.70). This compares well with the original English language GCOS-24. Findings demonstrate that the Spanish GCOS-24 has potential for use in evaluating clinical genetics services in Spain, but would benefit from assessment of test-retest reliability as well as structural and construct validity.</subfield>
   </datafield>
   <datafield ind1="8" ind2=" " tag="024">
      <subfield code="a">Muñoz-Cabello, P., García-Miñaúr, S., Espinel-Vallejo, M.E. et al. Translation and Cross-Cultural Adaptation with Preliminary Validation of GCOS-24 for Use in Spain. J Genet Counsel 27, 732–743 (2018). https://doi.org/10.1007/s10897-017-0154-z</subfield>
   </datafield>
   <datafield ind1="8" ind2=" " tag="024">
      <subfield code="a">1059-7700</subfield>
   </datafield>
   <datafield ind1="8" ind2=" " tag="024">
      <subfield code="a">10.1007/s10897-017-0154-z</subfield>
   </datafield>
   <datafield ind1="8" ind2=" " tag="024">
      <subfield code="a">https://hdl.handle.net/20.500.14352/117001</subfield>
   </datafield>
   <datafield ind1="8" ind2=" " tag="024">
      <subfield code="a">1573-3599</subfield>
   </datafield>
   <datafield ind1="8" ind2=" " tag="024">
      <subfield code="a">https://doi.org/10.1007/s10897-017-0154-z</subfield>
   </datafield>
   <datafield ind1="8" ind2=" " tag="024">
      <subfield code="a">https://link.springer.com/article/10.1007/s10897-017-0154-z</subfield>
   </datafield>
   <datafield ind2="0" ind1="0" tag="245">
      <subfield code="a">Translation and cross-cultural adaptation with preliminary validation of GCOS-24 for use in Spain</subfield>
   </datafield>
</record></metadata></record></GetRecord></OAI-PMH>